Tạp chí khoa học Đại học Đồng Tháp : Chuyên san khoa học xã hội và nhân văn = Dong Thap university journal of science : Social sciences and humanities issue Tập 9 - Số 2
Nội dung gồm Huấn đức của Hồ Chí Minh:" Lấy tự học làm cốt. Do thảo luận và chỉ đạo giúp vào; Quản lý hoạt động bồi dưỡng giáo viên các trường mầm non trên điạ bàn thành phố Quy Nhơn, tỉnh Bình Định theo Chuẩn chức danh nghề nghiệp...
Bewaard in:
| Formaat: | Boek |
|---|---|
| Taal: | Vietnamese |
| Gepubliceerd in: |
Đồng Tháp
Trường Đại học Đồng Tháp
2020
|
| Onderwerpen: | |
| Tags: |
Voeg label toe
Geen labels, Wees de eerste die dit record labelt!
|
| Thư viện lưu trữ: | Thư viện Trường Đại học Nam Cần Thơ |
|---|
| LEADER | 01521nam a22002297a 4500 | ||
|---|---|---|---|
| 001 | NCT_123833 | ||
| 008 | 200522b xxu||||| |||| 00| 0 vie d | ||
| 999 | |c 6343 |d 6343 | ||
| 022 | |a 0866-7675 | ||
| 041 | 0 | |a vie | |
| 082 | 0 | 4 | |2 23rd ed. |a 378 |b T109C |
| 245 | 0 | 0 | |a Tạp chí khoa học Đại học Đồng Tháp : |b Chuyên san khoa học xã hội và nhân văn = Dong Thap university journal of science : Social sciences and humanities issue |n Tập 9 - Số 2 |c Trường Đại học Đồng Tháp |
| 260 | |a Đồng Tháp |b Trường Đại học Đồng Tháp |c 2020 | ||
| 300 | |c 27cm | ||
| 310 | |a 2 tháng 1 kỳ | ||
| 362 | |a 4/2020 | ||
| 520 | 3 | |a Nội dung gồm Huấn đức của Hồ Chí Minh:" Lấy tự học làm cốt. Do thảo luận và chỉ đạo giúp vào; Quản lý hoạt động bồi dưỡng giáo viên các trường mầm non trên điạ bàn thành phố Quy Nhơn, tỉnh Bình Định theo Chuẩn chức danh nghề nghiệp; Phát triển văn hóa đọc cho sinh viên Trường Đại học Đồng Tháp;... | |
| 655 | |a Tạp chí | ||
| 942 | |2 ddc |c CR | ||
| 952 | |0 0 |1 0 |2 ddc |4 0 |6 378_000000000000000_T109C |7 0 |9 23942 |a 000001 |b 000001 |d 2022-05-13 |o 378 T109C |r 2022-05-13 |w 2022-05-13 |y CR | ||
| 952 | |0 0 |1 0 |2 ddc |4 0 |6 378_000000000000000_T109C |7 0 |9 23943 |a 000001 |b 000001 |d 2022-05-13 |o 378 T109C |r 2022-05-13 |w 2022-05-13 |y CR | ||
| 980 | |a Thư viện Trường Đại học Nam Cần Thơ | ||